[Event "Cholet-E"]
[Site "Cholet"]
[Date "2012.02.20"]
[Round "3"]
[White "Audrain, Gilles"]
[Black "Bernard, Brian"]
[Result "1-0"]
[WhiteElo "1341"]
[BlackElo "1300"]
[PlyCount "119"]
[EventDate "2012.02.18"]
[EventType "swiss"]
[EventRounds "9"]
[EventCountry "FRA"]
[SourceTitle "EXT 2013"]
[Source "ChessBase"]
[SourceDate "2012.11.22"]
[SourceVersion "1"]
[SourceVersionDate "2012.11.22"]
[SourceQuality "1"]

1. e4 e5 2. Bc4 c6 3. Nf3 d5 4. exd5 cxd5 5. Bb5+ Bd7 6. Bxd7+ Nxd7 7. c3 Bd6 8. Qb3 Ngf6 9. d3 Nc5 10. Qc2 0-0 11. 0-0 Rc8 12. Bg5 d4 13. c4 Re8 14. Nbd2 Re6 15. b4 Ncd7 16. a3 Qe8 17. Rfe1 b6 18. Bh4 h6 19. Qa4 e4 20. Nxd4 e3 21. Nxe6 exd2 22. Re2 fxe6 23. Rxd2 Rc7 24. Re1 Qh5 25. Bg3 Bxg3 26. fxg3 e5 27. Qb3 Kh7 28. Qc2 Kh8 29. Qc3 Nd5 30. Qb3 Ne7 31. d4 Qg5 32. Rde2 Nc6 33. Qf3 Nxd4 34. Qa8+ Kh7 35. Rf2 Nf6 36. c5 bxc5 37. bxc5 e4 38. Rxf6 Qxf6 39. Qxe4+ Nf5 40. g4 Rxc5 41. gxf5 Rxf5 42. g4 Qg5 43. Qxf5+ Qxf5 44. gxf5 Kg8 45. Re7 a6 46. Ra7 h5 47. h4 Kh7 48. Rxa6 Kg8 49. Rb6 Kh7 50. a4 g6 51. fxg6+ Kh6 52. Kg2 Kg7 53. Kg3 Kh6 54. a5 Kg7 55. a6 Kh6 56. a7 Kg7 57. Rb7+ Kh6 58. g7 Kh7 59. g8Q+ Kh6 60. Qg7# 1-0

[Event "Cholet-E"]
[Site "Cholet"]
[Date "2011.03.09"]
[Round "6"]
[White "Bernard, Brian"]
[Black "Avril, Simon"]
[Result "0-1"]
[WhiteElo "1099"]
[BlackElo "1199"]
[PlyCount "74"]
[EventDate "2011.03.05"]
[EventType "tourn"]
[EventRounds "9"]
[EventCountry "FRA"]
[SourceTitle "EXT 2012"]
[Source "ChessBase"]
[SourceDate "2011.11.24"]
[SourceVersion "1"]
[SourceVersionDate "2011.11.24"]
[SourceQuality "1"]

1. e4 c6 2. Nf3 d5 3. exd5 cxd5 4. Bb5+ Nc6 5. d4 Qa5+ 6. Nc3 e6 7. Bxc6+ bxc6 8. 0-0 Nf6 9. Bd2 Bd6 10. Ne5 c5 11. Nxd5 Qb5 12. Nxf6+ gxf6 13. Nf3 Ba6 14. dxc5 Qxf1+ 15. Qxf1 Bxf1 16. cxd6 Be2 17. Bb4 Bxf3 18. gxf3 Rb8 19. a3 Kd7 20. Rd1 a5 21. Bc3 Rhg8+ 22. Kf1 Rb6 23. Bxf6 Rxd6 24. Rxd6+ Kxd6 25. Bc3 Rb8 26. Bxa5 Rxb2 27. Bb4+ Kc6 28. c4 Rb3 29. Ke2 Rb1 30. Be1 Ra1 31. Bb4 Rh1 32. c5 Rxh2 33. f4 h5 34. Kf3 h4 35. Kg4 h3 36. f3 f5+ 37. Kg3 Rh1 0-1

[Event "Cholet-E"]
[Site "Cholet"]
[Date "2011.03.07"]
[Round "3"]
[White "Bernard, Brian"]
[Black "Sellier, Charlotte"]
[Result "0-1"]
[WhiteElo "1099"]
[BlackElo "1250"]
[PlyCount "83"]
[EventDate "2011.03.05"]
[EventType "tourn"]
[EventRounds "9"]
[EventCountry "FRA"]
[SourceTitle "EXT 2012"]
[Source "ChessBase"]
[SourceDate "2011.11.24"]
[SourceVersion "1"]
[SourceVersionDate "2011.11.24"]
[SourceQuality "1"]

1. e4 e5 2. Nf3 Nc6 3. Bb5 d6 4. Bxc6+ bxc6 5. 0-0 Nf6 6. d3 Be7 7. Nc3 0-0 8. Be3 d5 9. Nxe5 Bb7 10. Nf3 Bb4 11. Ne2 dxe4 12. dxe4 Nxe4 13. c3 Bd6 14. Ned4 Qf6 15. Qd3 c5 16. Nb5 Rfd8 17. Nxd6 Rxd6 18. Qe2 Ba6 19. c4 Rb8 20. Rab1 Rdb6 21. Bc1 Qe6 22. Nd2 Nxd2 23. Qxe6 Rxe6 24. Bxd2 Bxc4 25. Rfd1 Bxa2 26. Ra1 Ra6 27. Bc3 h6 28. Rd7 Rc8 29. h3 Bc4 30. Re1 Re6 31. Ra1 a6 32. Rd2 Rce8 33. Rd7 R6e7 34. Rdd1 f5 35. Kh2 g5 36. g4 fxg4 37. hxg4 Be2 38. Rg1 Rf7 39. Kg3 Re4 40. Rxa6 Bxa6 41. f3 Re3 42. Rf1 0-1

[Event "Cholet-E"]
[Site "Cholet"]
[Date "2011.03.06"]
[Round "2"]
[White "Lege, Timothee"]
[Black "Bernard, Brian"]
[Result "0-1"]
[WhiteElo "1199"]
[BlackElo "1099"]
[PlyCount "156"]
[EventDate "2011.03.05"]
[EventType "tourn"]
[EventRounds "9"]
[EventCountry "FRA"]
[SourceTitle "EXT 2012"]
[Source "ChessBase"]
[SourceDate "2011.11.24"]
[SourceVersion "1"]
[SourceVersionDate "2011.11.24"]
[SourceQuality "1"]

1. d4 d5 2. Nf3 Bg4 3. Ne5 Nf6 4. h3 Bd7 5. Bf4 Nc6 6. e3 Nxe5 7. Bxe5 e6 8. Bd3 Be7 9. 0-0 0-0 10. Bxf6 Bxf6 11. Qh5 g6 12. Qh6 Bg7 13. Qf4 Re8 14. c3 e5 15. Qf3 e4 16. Bxe4 dxe4 17. Qf4 g5 18. Qg3 Bf8 19. f4 f6 20. fxg5 fxg5 21. Qf2 h6 22. Qf7+ Kh8 23. Rf6 Re7 24. Qg6 Qe8 25. Qxe8 Raxe8 26. Nd2 Bg7 27. Rf2 Rf8 28. Rxf8+ Bxf8 29. Rf1 Bg7 30. Nxe4 Rxe4 31. Rf7 Bc6 32. Rxc7 Rxe3 33. Rc8+ Re8 34. Rxe8+ Bxe8 35. d5 Bf8 36. Kf2 Kg7 37. Ke3 Kf6 38. Ke4 b6 39. b4 a6 40. a3 Ba4 41. Kd4 Bd6 42. c4 h5 43. c5 bxc5+ 44. bxc5 Be5+ 45. Kc4 Bb5+ 46. Kb4 Ke7 47. c6 Kd6 48. a4 Bxc6 49. dxc6 Kxc6 50. g4 hxg4 51. hxg4 Kb6 52. a5+ Kb7 53. Kc5 Bf4 54. Kd5 Bd2 55. Ke5 Bxa5 56. Kf5 Bd2 57. Ke4 Bf4 58. Kd3 Kb6 59. Kd4 Kb5 60. Kc3 a5 61. Kb3 Kc5 62. Ka4 Bd2 63. Kb3 Kd5 64. Kc2 Bb4 65. Kd3 Ke5 66. Ke3 a4 67. Kd3 a3 68. Kc4 Bf8 69. Kb3 Kf4 70. Kc2 Kxg4 71. Kb3 Kf3 72. Kc2 g4 73. Kb3 g3 74. Kc2 g2 75. Kb3 g1Q 76. Kc2 Qc5+ 77. Kb1 Qc3 78. Ka2 Qb2# 0-1